书目信息 |
| 题名: |
学生核心素养教育教师指导读本
|
|
| 作者: | 魏书生 主编 | |
| 分册: | ||
| 出版信息: | 天津 天津教育出版社 2018 |
|
| 页数: | 244页 | |
| 开本: | 26cm | |
| 丛书名: | “教师核心素养能力提升”丛书 | |
| 单 册: | ||
| 中图分类: | G40-012 | |
| 科图分类: | ||
| 主题词: | 素质教育--su zhi jiao yu--教育工作--研究 | |
| 电子资源: | ||
| ISBN: | 978-7-5309-8174-0 | |
| 000 | 01007nam 2200265 450 | |
| 001 | 012001004674 | |
| 005 | 20141124184143.0 | |
| 010 | @a978-7-5309-8174-0@dCNY48.00 | |
| 099 | @aCAL 012019024629 | |
| 100 | @a20181123d2018 em y0chiy50 ea | |
| 101 | 0 | @achi |
| 102 | @aCN@b120000 | |
| 105 | @ak z 000yy | |
| 106 | @ar | |
| 200 | 1 | @a学生核心素养教育教师指导读本@Axue sheng he xin su yang jiao yu jiao shi zhi dao du ben@f魏书生主编 |
| 210 | @a天津@c天津教育出版社@d2018 | |
| 215 | @a244页@d26cm | |
| 225 | 2 | @a“教师核心素养能力提升”丛书@A“ jiao shi he xin su yang neng li ti sheng ” cong shu |
| 330 | @a本书共分十二章,分别为核心素养教育内容的演变与发展、新世纪全球核心素养教育现状概览、立德树人与核心素养教育、核心素养教育与素质教育等。 | |
| 410 | 0 | @12001 @a“教师核心素养能力提升”丛书 |
| 606 | 0 | @a素质教育@Asu zhi jiao yu@x教育工作@x研究 |
| 690 | @aG40-012@v5 | |
| 701 | 0 | @a魏书生@Awei shu sheng@4主编 |
| 801 | 0 | @aCN@b江苏凤凰@c20191020 |
| 905 | @b1223676-7@dG40-012@e1064@f2 | |
| 学生核心素养教育教师指导读本/魏书生主编.-天津:天津教育出版社,2018 |
| 244页;26cm.-(“教师核心素养能力提升”丛书) |
| ISBN 978-7-5309-8174-0:CNY48.00 |
| 本书共分十二章,分别为核心素养教育内容的演变与发展、新世纪全球核心素养教育现状概览、立德树人与核心素养教育、核心素养教育与素质教育等。 |
| ● |
| 相关链接 |
|
|
|
|
正题名:学生核心素养教育教师指导读本
索取号:G40-012/1064
 
预约/预借
| 序号 | 登录号 | 条形码 | 馆藏地/架位号 | 状态 | 备注 |
| 1 | 1223676 | 212236766 | 第一样本阅览室/ [索取号:G40-012/1064] | 在馆 | |
| 2 | 1223677 | 212236775 | 第四借阅区/ [索取号:G40-012/1064] | 在馆 |